Statistics for Influential Families

Click here to take the quiz!

General Stats

  • This quiz has been taken 14 times
  • The average score is 7 of 15

Answer Stats

Famous People from FamilyFamily/Dynasty% Correct
Anastasia, Maria, Tatiana, Olga, AlexeiRomanov
91%
Franklin Delano __, Theodore __Roosevelt
82%
Henry VIII, Elizabeth ITudor
82%
Franz Ferdinand, Maria TheresaHabsburg
64%
Lorenzo the Magnificent, Leo XMedici
64%
Abdulaziz, Mohammad bin SalmanSaud
64%
Louis XVI, Louis XIVBourbon
55%
Queen Victoria I, George IIIHanover
55%
George ___, Martha ___Washington
45%
Mehmed the Conqueror, Suleyman IOttoman
27%
Jadwiga, Richard LionheartAnjou
18%
Augustus, CaligulaJulio-Claudian
9%
Justinian I, Theodora (You got this)!Justinian
9%
Isabella of Castile, Joanna the MadTrastamara
9%
Kublai Khan, Genghis KhanYuan
9%

Score Distribution

Percentile by Number Answered

Percent of People with Each Score

Your Score History

You have not taken this quiz